00923 2200337 4500001002100000005001500021035002000036007000300056040001700059100002700076245006200103250000900165300003200174020002200206041000800228082001000236084001600246090001900262264003300281336002100314337003000335338002300365650001400388850001000402008004100412700003700453504002900490990002200519990002200541990002200563INLIS00000000000802920260529105256 a0010-0922000518ta aSBPUPADbind0 aKidspreneurePengarang1 aKidspreneur :bKecil - Kecil Punya Usaha /cMartha Nina K aEd.1 aviii, 128 hlm ;c15 x 15 cm a978-979-29-4269-9 aind a649.1 a649.1 KID k a813 TIR u 24-8 aYogyakarta :bG-Media,c2014 2rdacontentateks 2rdamediaatanpa perantara 2rdacarrieravolume 4aParenting aPUPAD260529 0 0 aEditor, Martha Nina KePengarang aBiblografi, hlm. 126-128 a28.235/P/DPK/2018 a28.234/P/DPK/2018 a28.232/P/DPK/2018